000 00859nam a2200229Ia 4500
003 GCL
008 140319s9999 xx 000 0 ara d
020 _a3977299953
040 _aGCL /
_cGCL
082 0 4 _a949.7
_bم م
100 1 _aمحمد الارناؤوط
245 1 0 _aمن دار الاسلام الى الوطن ومن الوطنية الى القومية (حالة البوسنة) /
_cمحمد الارناؤوط
250 _aالاولى
260 _aبيروت :
_bالدار العربية للعلوم ،
_c2004
300 _a143 ص ؛
_c24 سم
650 0 4 _aالاسلام - تاريخ - عصر النشأة
650 0 4 _aالاسلام - تاريخ - العصرالحديث
650 0 4 _aيوغسلافيا - تاريخ
650 0 4 _aالبوسنة - تاريخ
650 0 4 _aالاسلام - البوسنه
942 _2ddc
_cBK
999 _c56309
_d56309